Statistics for Zendaya's Co-stars

Click here to take the quiz!

General Stats

  • This quiz has been taken 47 times
  • The average score is 9 of 16

Answer Stats

Answer% Correct
Tom Holland
100%
Zac Efron
95%
Robert Downey Jr.
93%
Samuel L. Jackson
77%
Jake Gyllenhaal
74%
Hugh Jackman
67%
James Corden
63%
Channing Tatum
49%
Danny DeVito
49%
Jason Momoa
47%
Marisa Tomei
44%
Michael Keaton
37%
J. K. Simmons
30%
Josh Brolin
28%
Javier Bardem
26%
Stellan Skarsgård
23%

Score Distribution

Percentile by Number Answered

Percent of People with Each Score

Your Score History

You have not taken this quiz